| 000 | 00551nam a2200181Ia 4500 | ||
|---|---|---|---|
| 008 | 090123s9999 xx 000 0 und d | ||
| 082 | _b29136 | ||
| 100 | _aवैद्य अमरेंद्र | ||
| 245 | _aमाया सरोवर | ||
| 250 | _a1 | ||
| 260 |
_bअमोल प्रकाशन _c1998 |
||
| 300 | _a16 | ||
| 600 | _aवैद्य अमरेंद्र | ||
| 630 | _aमाया सरोवर | ||
| 700 | _aवैद्य अमरेंद्र | ||
| 730 | _aमाया सरोवर | ||
| 942 | _cBOOK | ||
| 999 |
_c67894 _d67894 |
||